|
|
|
|
| LEADER |
01509nam a2200397Ia 4500 |
| 001 |
EBC1679626 |
| 003 |
MiAaPQ |
| 005 |
20200520144314.0 |
| 006 |
m o d | |
| 007 |
cr cn||||||||| |
| 008 |
010403s2001 njua sb 001 0 eng d |
| 010 |
|
|
|z 2001024569
|
| 020 |
|
|
|z 9781860942617
|
| 020 |
|
|
|z 186094261X (alk. paper)
|
| 035 |
|
|
|a (MiAaPQ)EBC1679626
|
| 035 |
|
|
|a (Au-PeEL)EBL1679626
|
| 035 |
|
|
|a (CaPaEBR)ebr10255953
|
| 035 |
|
|
|a (OCoLC)879023797
|
| 040 |
|
|
|a MiAaPQ
|c MiAaPQ
|d MiAaPQ
|
| 050 |
|
4 |
|a HD45
|b .C475 2001
|
| 100 |
1 |
|
|a Chiesa, Vittorio.
|
| 245 |
1 |
0 |
|a R & D strategy and organisation
|h [electronic resource] :
|b managing technical change in dynamic contexts /
|c Vittorio Chiesa.
|
| 246 |
3 |
|
|a R and D strategy and organisation
|
| 260 |
|
|
|a New Jersey :
|b Imperial College Press,
|c c2001.
|
| 300 |
|
|
|a xiii, 276 p. :
|b ill.
|
| 490 |
1 |
|
|a Series on technology management ;
|v 5
|
| 504 |
|
|
|a Includes bibliographical references and index.
|
| 533 |
|
|
|a Electronic reproduction. Ann Arbor, MI : ProQuest, 2015. Available via World Wide Web. Access may be limited to ProQuest affiliated libraries.
|
| 650 |
|
0 |
|a Technological innovations
|x Management.
|
| 650 |
|
0 |
|a Research, Industrial
|x Management.
|
| 650 |
|
0 |
|a Competition.
|
| 650 |
|
0 |
|a Organization.
|
| 655 |
|
4 |
|a Electronic books.
|
| 710 |
2 |
|
|a ProQuest (Firm)
|
| 830 |
|
0 |
|a Series on technology management ;
|v 5.
|
| 856 |
4 |
0 |
|u https://ebookcentral.proquest.com/lib/matrademy/detail.action?docID=1679626
|z Click to View
|